Multiple Choice City Quiz – Hanoi - Statistics

General Stats
  • This quiz has been taken 500 times
  • The average score is 6 of 15
Answer Stats
Question Answer % Correct
Whose embalmed body is on display in a grand mausoleum in Hanoi? Ho Chi Minh
60%
Which famous noodle soup, now popular worldwide, was first popularized in Hanoi’s northern region? Phở
53%
Who famously ate bún chả (grilled pork with noodles) at a Hanoi restaurant with Anthony Bourdain? Barack Obama
48%
What does the name “Hà Nội” literally mean in Vietnamese? “Inside the Rivers”
48%
What was the Hanoi Hilton? A notorious POW prison
42%
Hanoi’s Old Quarter is famous for its “36 streets.” What was unique about each of these streets traditionally? Each street specialized in selling a particular craft or product
38%
What was the original name of the city at the time of its establishment? Thăng Long
37%
A Hanoi specialty is to mix this into coffee. egg
36%
Hanoi’s Temple of Literature (Văn Miếu) is best known for being: The site of Vietnam’s first national university
36%
Which animal returned the magical sword to King Lê Lợi from Hoan Kiem lake? turtle
36%
What is unique about the pagoda Chùa Một Cột? It is built atop a singular pillar.
33%
Who famously visited Hanoi in July 1972? Jane Fonda
31%
In what year AD was the city traditionally founded? 1010
30%
Vietnamese independence from France was declared from Hanoi in this year. 1945
30%
Hanoi is situated in the delta of this river. Red
30%
No matching quizzes found
Score Distribution
Percent of People with Each Score
Percentile by Number Answered
Your Score History
You have not taken this quiz